000 01317nam a2200325 i 4500
001 bg
003 BPK
005 20250523063411.0
008 970510s1992 pl a f f |000 0 pol
015 _aPB 7705/93
040 _aWA N
_cWA N
_dKOSZ 005/HR
080 _a62:004.4
080 _a(075.8)
100 1 _aTarnowski, Wojciech
_d(1936-2024)
_eAutor
245 1 0 _aKomputerowe wspomaganie projektowania /
_cWojciech Tarnowski, Tomasz Kiczkowiak.
260 _aKoszalin :
_bWydaw. Uczelniane WSI,
_c1992.
300 _a316 s. :
_brys., wykr. ;
_c23 cm.
490 1 _aSkrypty / Wyższa Szkoła Inżynierska w Koszalinie.
504 _aBibliogr. przy rozdz.
521 _aSkrypt Wydz. Mechanicznego do przedmiotu Komputerowe wspomaganie projektowania.
658 _aInżynieria i technika
658 _aInformatyka i technologie informacyjne
655 4 _aPodręczniki akademickie
650 4 _aProjektowanie wspomagane komputerowo
710 2 _aWydawnictwo Uczelniane (Wyższa Szkoła Inżynierska ; Koszalin)
_4pbl.
700 1 _aKiczkowiak, Tomasz
_d(1955- )
_eAutor
856 _uhttp://koha.tu.koszalin.pl/cgi-bin/koha/opac-detail.pl?biblionumber=24342
_yKatalog online BPK
830 0 _aSkrypty - Wyższa Szkoła Inżynierska w Koszalinie
942 _2UKD
_cKS
999 _c24342
_d24342